A handy guide for beggars : especially those of the poetic fraternity; being sundry explorations, made while afoot and penniless in Florida, Georgia, North Carolina, Tennessee, Kentucky, New Jersey, and Pennsylvania. These adventures convey and illustrate the rules of beggary for poets and some others /

Bibliographic Details
Main Author: Lindsay, Vachel, 1879-1931
Format: Book
Language:English
Published: [New York], [Boston, etc.] : The Macmillan company, 1916.

MARC

Tag First Indicator Second Indicator Subfields
LEADER 00000cam a2200000 4500
001 in00000022038
005 20151007063833.0
008 740424s1916 nyu 00010 eng u
010 |a  16023558  
035 |a (OCoLC)00865271 
035 |9 AAD8381AM 
040 |c RRR  |d TXA  |d UtOrBLW 
049 |a TXAM  |c 1 [7932]  |c 2 [369974] 
050 0 0 |a PS3523.I58  |b H3 1916 
092 |a 814  |b L74h 
100 1 |a Lindsay, Vachel,  |d 1879-1931. 
245 1 2 |a A handy guide for beggars :  |b especially those of the poetic fraternity; being sundry explorations, made while afoot and penniless in Florida, Georgia, North Carolina, Tennessee, Kentucky, New Jersey, and Pennsylvania. These adventures convey and illustrate the rules of beggary for poets and some others /  |c By Vachel Lindsay ... 
264 1 |a [New York],  |a [Boston, etc.] :  |b The Macmillan company,  |c 1916. 
300 |a xi, 205 pages ;  |c 19 cm. 
336 |a text  |b txt  |2 rdacontent 
337 |a unmediated  |b n  |2 rdamedia 
338 |a volume  |b nc  |2 rdacarrier 
999 |a MARS 
999 f f |s aae2b10c-ba76-3b41-be5f-2ac98e7e2678  |i 0714a46b-2932-3774-b441-57dce4ad973b  |t 0 
952 f f |p ric  |a Texas A&M University  |b Rellis Campus  |c Joint Library Facility  |d Remote Storage  |t 0  |e PS3523.I58 H3 1916  |h Library of Congress classification  |i unmediated -- volume  |m A14801258603 
998 f f |a PS3523.I58 H3 1916  |t 0  |l Remote Storage